00688nam a2200169 a 450000500170000000800410001702000180005805000170007610000160009324500450010926000380015430000210019244000130021352002520022665000200047865000200049820140412111234.0010604s19uu xx 00 eng d a0-307-12842-3 aERbOn2 1996 aMann, P. Z. a101 dalmatians /cadapted by P. Z. Mann. aNew York :bA Golden Bool,c1996. a1v.(unp.) ; ill. aDisney's aCruella DeVil, that wicked, scheming villainess, will stop at nothing to get the animal furs she loves to wear. But she's no match for the Dalmatians Perdy and Pongo, who also will do whatever it takes to rescue and protect their beloved puppies. aPuppies-Stories aPuppies-Fiction